01493nam a22002537a 4500003000400000005001700004008004100021020001800062040000800080100001900088245003000107260003200137300003800169490002000207520079600227521002101023600001501044650002601059650001901085650005301104653004801157655002001205655001401225OSt20250625143215.0250331b |||||||| |||| 00| 0 eng d a9780241430903 cTBS aVance, Ashlee  aElon Muskc/ Ashlee Vance aPenguin Books, London, 2020 a80 pages : illustrations ; 20 cm. aPenguin readers aWith carefully adapted text, new illustrations, language practise activities and additional online resources, the Penguin Readers series introduces language learners to bestselling authors and compelling content. Titles include popular classics, exciting contemporary fiction, and thought-provoking non-fiction. Elon Musk, a Level 3 Reader, is A2 in the CEFR framework. The text is made up of sentences with up to three clauses, introducing first conditional, past continuous and present perfect simple for general experience. It is well supported by illustrations, which appear on most pages. This book tells the story of Elon Musk, American businessman and multi-billionaire. Learn about his early years in South Africa and Canada, move to Silicon valley and his plans to travel to Mars. aAbridged Edition 0aMusk, Elon 0aReading comprehension 0aBusinesspeople 0aEnglish languagevTextbooks for foreign speakers aLevel 3 Reader, is A2 in the CEFR framework 0aReaders (Adult) 0aBiography